|
|
|
|
| LEADER |
00000nab a2200000 a 4500 |
| 001 |
vtls000872294 |
| 003 |
SK-MaSNL |
| 005 |
20260304142737.0 |
| 008 |
250505c2004 xo 0 slo |
| 015 |
|
|
|a SNBRB2004/05-14600
|
| 035 |
|
|
|a CLN000223846
|
| 035 |
|
|
|a urn:nbn:sk:snk-ab9wtv
|
| 035 |
|
|
|a (urnnbn)urn:nbn:sk:snk:ar-a092tf
|
| 035 |
|
|
|a (uuid)bf1f1dad-da0f-4e8f-bb2a-4ba5149b0439
|
| 040 |
|
|
|a SNKBUCL
|b slo
|c SNKBUCL
|e AACR2
|
| 041 |
0 |
|
|a slo
|
| 044 |
|
|
|a xo
|c SK
|
| 080 |
|
|
|a 82.09:821.162.4-32(048)
|2 1997
|
| 080 |
|
|
|a 821.162.4-32(048)
|2 1997
|
| 100 |
1 |
|
|a Mitka, Marek,
|d 1980-
|4 aut
|9 27015
|
| 245 |
1 |
0 |
|a Z boku ženy, nie z jej lona
|c Marek Mitka
|
| 650 |
0 |
7 |
|a novely psychologické slovenské
|x recenzie
|2 snkbucl
|9 856628
|
| 655 |
|
7 |
|a články z novín a časopisov
|2 snkbucl
|9 267496
|
| 773 |
0 |
|
|t RAK
|g Roč. 9, č. 3 (2004), s. 42-43
|x 1335-1702
|
| 787 |
0 |
8 |
|i Rec.:
|a Kolenič, Ivan, 1965-
|t Daj zbohom básneniu
|d Bratislava : Slovart, 2004
|z 807145852X
|
| 850 |
|
|
|a Slovenská národná knižnica
|
| 852 |
|
|
|a Slovenská národná knižnica
|
| 958 |
|
|
|a article13
|
| 958 |
|
|
|a OND
|
| 958 |
|
|
|a LX
|
| 958 |
|
|
|a RC
|
| 958 |
|
|
|a EUIPO
|
| 992 |
|
|
|a RBX
|
| 999 |
|
|
|c 2922708
|d 2924638
|